000
00330nam a22001457a 4500
008
210308b ||||| |||| 00| 0 eng d
020
_a
0838579930
041
_a
eng
080
_2
3rd
_a
159.9
082
_a
159.9
100
_a
48
101
_a
PSI
245
_a
Psychiatric Mental Health Nursing
_c
Murray, R.B
942
_2
udc
_c
BK
999
_c
56002
_d
56002